| 000 | 00484nam a2200169Ia 4500 | ||
|---|---|---|---|
| 008 | 230917s9999||||xx |||||||||||||| ||und|| | ||
| 020 | _cRS 700.00 | ||
| 040 |
_e5016225 _aMAIN |
||
| 041 | _aEnglish | ||
| 082 | _a613.7046 B469Y | ||
| 100 | _aBhardwaj, Ishwar | ||
| 245 | 0 | _aYogic management of life style disorders | |
| 260 |
_aNew Delhi _bSatyam Publishing HOuse _c2017 |
||
| 300 | _a197 p. | ||
| 500 | _a4339 06/01/2022 SPH22/504 13/01/2022 Centre for Yogic Studies | ||
| 942 | _cBK | ||
| 999 |
_c4302 _d4302 |
||